000 00594nam a2200193 i 4500
001 bg
245 0 _aFiziceskie issledovanija v sil'nych magnitnych poljach.
260 _aMoskva :
_bIzdat. "Nauka",
_c1973.
300 _as. 141, nlb. 3 :
_brys., ilustr., tab., tabl.
490 1 _aTrudy Fiziceskogo Inst. / Akademia Nauk SSSR. ;
_vT. 67
500 _a[Alf. ros.].
504 _a[Zawiera bibliogr.].
830 0 _aTrudy Fiziceskogo Inst. (Akademia Nauk SSSR.) ;
_vT. 67
040 _cBPK
041 _apol
080 _a537.6
942 _cKS
008 s pl f |000 0 pol
999 _c27115
_d27115